Online
Catalog

La conjura de los necios / (Record no. 44537)

MARC details
000 -CABECERA
campo de control de longitud fija 00845nam a2200241 a 4500
001 - NÚMERO DE CONTROL
campo de control 000045048
005 - FECHA Y HORA DE LA ÚLTIMA TRANSACCIÓN
campo de control 20201002045831.0
008 - DATOS DE LONGITUD FIJA--INFORMACIÓN GENERAL
campo de control de longitud fija 150130s1992 sp 000 0 spa d
020 ## - NÚMERO INTERNACIONAL ESTÁNDAR DEL LIBRO
Número Internacional Estándar del Libro 8447300064
040 ## - FUENTE DE LA CATALOGACIÓN
Centro catalogador/agencia de origen DO-SdBNP
Lengua de catalogación spa
Centro/agencia transcriptor BNPHU
041 17 - CÓDIGO DE LENGUA
Código de lengua del texto/banda sonora o título independiente eng
Código de lengua original spa
082 ## - NÚMERO DE LA CLASIFICACIÓN DECIMAL DEWEY
Número de clasificación xxxx
Número de documento/Ítem xxxx
100 1# - ENTRADA PRINCIPAL--NOMBRE DE PERSONA
Nombre de persona Kennedy Toole, John
9 (RLIN) 73053
240 10 - TÍTULO UNIFORME
Título uniforme Confederacy of dunces.
Lenguaje de la obra Español
245 13 - MENCIÓN DE TÍTULO
Título La conjura de los necios /
Mención de responsabilidad, etc. John Kennedy Toole ; traducción de J.M. Álvarez Flórez y Ángela Pérez ; prólogo ; Walker Percy ; edicion Pérez Gáldos.
260 ## - PUBLICACIÓN, DISTRIBUCIÓN, ETC.
Lugar de publicación, distribución, etc. Barcelona :
Nombre del editor, distribuidor, etc. RBA,
-- Anagrama,
Fecha de publicación, distribución, etc. 1992.
300 ## - DESCRIPCIÓN FÍSICA
Extensión 360 p. ;
Dimensiones 21 cm.
490 1# - MENCIÓN DE SERIE
Mención de serie Narrativa actual
Designación de volumen o secuencia 5
700 1# - PUNTO DE ACCESO ADICIONAL--NOMBRE DE PERSONA
Nombre de persona Álvarez Flórez, J.M.
Término indicativo de función/relación tr.
9 (RLIN) 11935
700 1# - PUNTO DE ACCESO ADICIONAL--NOMBRE DE PERSONA
Nombre de persona Pérez, Ángela
Término indicativo de función/relación tr.
9 (RLIN) 11936
700 1# - PUNTO DE ACCESO ADICIONAL--NOMBRE DE PERSONA
Nombre de persona Percy, Walker,
Término indicativo de función/relación pról.
9 (RLIN) 73054
830 #0 - PUNTO DE ACCESO ADICIONAL DE SERIE-TÍTULO UNIFORME
Título uniforme Narrativa actual ;
Número de parte o sección de la obra 5
9 (RLIN) 73055
Holdings
Estado de retiro Estado de pérdida Restricciones de uso No para préstamo Código de colección Localización permanente Ubicación/localización actual Ubicación en estantería Fecha de adquisición Número de inventario Total de préstamos Signatura topográfica completa Código de barras Fecha visto por última vez Precio válido a partir de Tipo de ítem Koha Nota pública
      Excluido de préstamo Monografías: Libros y Folletos General General En catalogación 30.01.2015 LF1   xxxx xxxx 45048-10 25.06.2020 25.06.2020 No se presta Perteneció a la biblioteca personal de Germán Emilio Ornes

Powered by Koha